[Event "Titled Tuesday intern op 7th Febr"]
[Site "Chess.com INT"]
[Date "2017.02.07"]
[Round "8"]
[White "Aguiar Cunha, Lucas"]
[Black "Alekseenko, Kirill"]
[Result "0-1"]
[WhiteElo "2460"]
[BlackElo "2588"]
[PlyCount "96"]
[EventDate "2017.02.07"]
[EventType "swiss (blitz)"]
[EventRounds "9"]
[EventCountry "USA"]
[SourceTitle "EXT 2021"]
[Source "ChessBase"]
[SourceDate "2020.10.23"]
[SourceVersion "1"]
[SourceVersionDate "2020.10.23"]
[SourceQuality "1"]

1. e4 c5 2. Nf3 Nc6 3. Nc3 Nf6 4. e5 Ng4 5. Qe2 Qc7 6. Nd5 Qb8 7. d4 cxd4 8. Bf4 e6 9. h3 Nh6 10. Bxh6 gxh6 11. Nf6+ Kd8 12. 0-0-0 Be7 13. Qe4 d5 14. Qf4 Qc7 15. Re1 Bd7 16. Qxh6 Nb4 17. Nxd4 Rc8 18. Qg7 Rf8 19. Kb1 Nxc2 20. Bb5 Bxb5 21. Nxb5 Qc4 22. Rc1 Qd3 23. Qxh7 Na3+ 24. Ka1 Rxc1+ 25. Rxc1 Qxh7 26. Nxh7 Nxb5 27. Nxf8 Bxf8 28. h4 Nd4 29. h5 Bh6 30. Rd1 Nc6 31. Re1 d4 32. Rd1 Ke7 33. g3 f6 34. exf6+ Kxf6 35. f4 Kf5 36. Re1 e5 37. fxe5 Nxe5 38. Kb1 d3 39. Rf1+ Ke4 40. b3 Ng4 41. Rf7 Ke3 42. Re7+ Kf2 43. Rxb7 d2 44. Rd7 Ke2 45. b4 d1Q+ 46. Rxd1 Kxd1 47. b5 Bg7 48. a4 Bc3 0-1

[Event "Titled Tuesday intern op 7th Febr"]
[Site "Chess.com INT"]
[Date "2017.02.07"]
[Round "6"]
[White "Carlsen, Magnus"]
[Black "Aguiar Cunha, Lucas"]
[Result "1-0"]
[WhiteElo "2838"]
[BlackElo "2469"]
[PlyCount "53"]
[EventDate "2017.02.07"]
[EventType "swiss (blitz)"]
[EventRounds "9"]
[EventCountry "USA"]
[SourceTitle "EXT 2021"]
[Source "ChessBase"]
[SourceDate "2020.10.23"]
[SourceVersion "1"]
[SourceVersionDate "2020.10.23"]
[SourceQuality "1"]

1. d4 Nf6 2. Bf4 d5 3. e3 c5 4. c3 Nc6 5. Nd2 e6 6. Ngf3 Bd6 7. Bg3 0-0 8. Bb5 a6 9. Bxc6 bxc6 10. Qa4 Bb7 11. Bxd6 Qxd6 12. Qa3 Nd7 13. Nb3 a5 14. 0-0 a4 15. Nxc5 Nxc5 16. dxc5 Qc7 17. Rfd1 e5 18. c4 dxc4 19. Qc3 Rfe8 20. Qxc4 Re6 21. Rd2 a3 22. bxa3 Qa5 23. Rad1 Rae8 24. Qb4 Qa8 25. Rd7 Ba6 26. Ng5 Rf6 27. Qb6 1-0

[Event "Titled Tuesday intern op 6th Dec 10am"]
[Site "Chess.com INT"]
[Date "2016.12.06"]
[Round "3"]
[White "D'Innocente, Stefano"]
[Black "Aguiar Cunha, Lucas"]
[Result "0-1"]
[WhiteElo "2261"]
[BlackElo "2359"]
[PlyCount "70"]
[EventDate "2016.12.06"]
[EventType "swiss (blitz)"]
[EventRounds "9"]
[EventCountry "USA"]
[SourceTitle "EXT 2021"]
[Source "ChessBase"]
[SourceDate "2020.10.23"]
[SourceVersion "1"]
[SourceVersionDate "2020.10.23"]
[SourceQuality "1"]

1. e4 c5 2. Nf3 e6 3. d4 cxd4 4. Nxd4 Nc6 5. Nc3 Qc7 6. g3 a6 7. Bg2 d6 8. 0-0 Bd7 9. Re1 Be7 10. Nxc6 Bxc6 11. Qg4 g6 12. a4 h5 13. Qe2 h4 14. a5 Rc8 15. Be3 Nf6 16. Bb6 Qb8 17. Rad1 hxg3 18. hxg3 Rh5 19. Bf3 Re5 20. Qd2 Nd7 21. Bd4 Bg5 22. Be3 Bxe3 23. Rxe3 Rxa5 24. Nd5 Rc5 25. b4 Rc4 26. Be2 Bxd5 27. exd5 Rxc2 28. Qd4 e5 29. Qh4 R8c3 30. Rxc3 Rxc3 31. Kg2 Qa7 32. Qh8+ Ke7 33. Qh4+ Nf6 34. Qg5 Rc2 35. Kf1 Qb6 0-1

[Event "Titled Tuesday intern op 5th July"]
[Site "Chess.com INT"]
[Date "2016.07.05"]
[Round "3"]
[White "Aguiar Cunha, Lucas"]
[Black "Hu, Bryan"]
[Result "0-1"]
[WhiteElo "2475"]
[BlackElo "2229"]
[PlyCount "58"]
[EventDate "2016.07.05"]
[EventType "swiss (blitz)"]
[EventRounds "9"]
[EventCountry "USA"]
[SourceTitle "EXT 2021"]
[Source "ChessBase"]
[SourceDate "2020.10.23"]
[SourceVersion "1"]
[SourceVersionDate "2020.10.23"]
[SourceQuality "1"]

1. e4 e5 2. Nf3 Nc6 3. d4 exd4 4. Nxd4 Nf6 5. Nxc6 bxc6 6. e5 Qe7 7. Qe2 Nd5 8. Nd2 a5 9. c4 Nb6 10. Qe4 Na4 11. Be2 Nc5 12. Qe3 d6 13. Nf3 g6 14. Nd4 Bd7 15. exd6 cxd6 16. 0-0 Qxe3 17. Bxe3 Bg7 18. Rad1 Ke7 19. Bf3 Rhc8 20. Rfe1 Ne6 21. Bg5+ Kf8 22. Nxe6+ Bxe6 23. b3 d5 24. cxd5 cxd5 25. Bxd5 Bxd5 26. Rxd5 a4 27. g3 Rcb8 28. Rb1 Rb4 29. Bd2 Re4 0-1

[Event "Titled Tuesday intern op 5th July"]
[Site "Chess.com INT"]
[Date "2016.07.05"]
[Round "5"]
[White "Bellahcene, Bilel"]
[Black "Aguiar Cunha, Lucas"]
[Result "1-0"]
[WhiteElo "2498"]
[BlackElo "2467"]
[PlyCount "127"]
[EventDate "2016.07.05"]
[EventType "swiss (blitz)"]
[EventRounds "9"]
[EventCountry "USA"]
[SourceTitle "EXT 2021"]
[Source "ChessBase"]
[SourceDate "2020.10.23"]
[SourceVersion "1"]
[SourceVersionDate "2020.10.23"]
[SourceQuality "1"]

1. d4 Nf6 2. c4 e6 3. Nf3 b6 4. g3 Ba6 5. Qa4 Bb7 6. Bg2 c5 7. dxc5 bxc5 8. 0-0 Be7 9. Nc3 0-0 10. Rd1 Qb6 11. Bf4 d6 12. Rab1 Bc6 13. Qc2 Rd8 14. a3 Ne8 15. b4 h6 16. b5 Bb7 17. a4 g5 18. Bd2 Nd7 19. a5 Qc7 20. h4 g4 21. Ne1 Kg7 22. Bxb7 Qxb7 23. Ng2 Nef6 24. Bf4 Ne5 25. Bxe5 dxe5 26. a6 Qc7 27. Ne4 Ne8 28. Ne3 f5 29. Nc3 Rd4 30. Ncd5 exd5 31. Nxf5+ Kf6 32. Nxd4 cxd4 33. Qh7 dxc4 34. Qxh6+ Kf7 35. Qh5+ Kf8 36. Qxg4 c3 37. Qf3+ Bf6 38. Qxa8 c2 39. Qc6 cxd1Q+ 40. Rxd1 Qxc6 41. bxc6 Nc7 42. Rb1 Nxa6 43. Rb7 Bd8 44. Rxa7 Nc7 45. Kg2 Ke7 46. h5 Kd6 47. h6 Bf6 48. h7 Kxc6 49. g4 e4 50. g5 Bg7 51. g6 Kb6 52. Ra1 Ne6 53. Kg3 Nf8 54. Kf4 e3 55. fxe3 Nxg6+ 56. Kg5 Nf8 57. Rh1 Bh8 58. exd4 Ne6+ 59. Kg6 Nxd4 60. e4 Kc7 61. Kf7 Nc6 62. Rh5 Kd6 63. Kg8 Bc3 64. e5+ 1-0

[Event "Titled Tuesday intern op 5th July"]
[Site "Chess.com INT"]
[Date "2016.07.05"]
[Round "6"]
[White "Mostbauer, Florian"]
[Black "Aguiar Cunha, Lucas"]
[Result "0-1"]
[WhiteElo "2238"]
[BlackElo "2470"]
[PlyCount "54"]
[EventDate "2016.07.05"]
[EventType "swiss (blitz)"]
[EventRounds "9"]
[EventCountry "USA"]
[SourceTitle "EXT 2021"]
[Source "ChessBase"]
[SourceDate "2020.10.23"]
[SourceVersion "1"]
[SourceVersionDate "2020.10.23"]
[SourceQuality "1"]

1. d4 Nf6 2. Nf3 e6 3. c4 b6 4. g3 Ba6 5. b3 b5 6. e3 bxc4 7. bxc4 Bb4+ 8. Bd2 Be7 9. Qc2 0-0 10. Bg2 d5 11. Ne5 Nfd7 12. Nxd7 Qxd7 13. c5 Nc6 14. Bf1 Bxf1 15. Kxf1 e5 16. Bc3 Qh3+ 17. Kg1 exd4 18. exd4 Bf6 19. Qd3 Rfe8 20. Nd2 Re6 21. Nf3 Rae8 22. Re1 Re4 23. Qb5 Rxe1+ 24. Nxe1 Re6 25. Qd3 Nxd4 26. Ng2 Ne2+ 27. Kf1 Nxc3 0-1

[Event "Titled Tuesday intern op 7th June"]
[Site "Chess.com INT"]
[Date "2016.06.07"]
[Round "3"]
[White "Aguiar Cunha, Lucas"]
[Black "Moskalenko, Alexander"]
[Result "0-1"]
[WhiteElo "2350"]
[BlackElo "2483"]
[PlyCount "56"]
[EventDate "2016.06.07"]
[EventType "swiss (blitz)"]
[EventRounds "9"]
[EventCountry "USA"]
[SourceTitle "EXT 2021"]
[Source "ChessBase"]
[SourceDate "2020.10.23"]
[SourceVersion "1"]
[SourceVersionDate "2020.10.23"]
[SourceQuality "1"]

1. e4 c5 2. Nf3 d6 3. d4 cxd4 4. Nxd4 Nf6 5. Nc3 g6 6. Be3 Bg7 7. f3 Nc6 8. Qd2 0-0 9. 0-0-0 d5 10. exd5 Nxd5 11. Nxc6 bxc6 12. Nxd5 cxd5 13. Qxd5 Qc7 14. Qc5 Qb7 15. b3 Bf5 16. Bd3 Rac8 17. Qa5 Rc3 18. Bxf5 Rxe3 19. Be4 Qb8 20. g3 Qc8 21. g4 Qb8 22. g5 Qf4 23. Kb1 f5 24. Bc6 Qxg5 25. Rd8 Bc3 26. Rxf8+ Kxf8 27. Qxa7 Qg2 28. Rd1 Qd2 0-1

[Event "Titled Tuesday intern op1 7th June"]
[Site "Chess.com INT"]
[Date "2016.06.07"]
[Round "8"]
[White "Aguiar Cunha, Lucas"]
[Black "Tologontegin, Semetey"]
[Result "1-0"]
[WhiteElo "2358"]
[BlackElo "2350"]
[PlyCount "67"]
[EventDate "2016.06.07"]
[EventType "swiss (blitz)"]
[EventRounds "9"]
[EventCountry "USA"]
[SourceTitle "EXT 2021"]
[Source "ChessBase"]
[SourceDate "2020.10.23"]
[SourceVersion "1"]
[SourceVersionDate "2020.10.23"]
[SourceQuality "1"]

1. e4 c5 2. Nf3 e6 3. d4 cxd4 4. Nxd4 a6 5. Bd3 Qc7 6. 0-0 Nf6 7. Qe2 d6 8. c4 g6 9. Nc3 Bg7 10. f4 Nbd7 11. Be3 0-0 12. Rac1 b6 13. f5 Ne5 14. b3 Bd7 15. Bb1 Rae8 16. h3 Nc6 17. Qf2 exf5 18. Nd5 Qb7 19. Nxc6 Bxc6 20. exf5 Nxd5 21. cxd5 Bxd5 22. Bxb6 Bxg2 23. Rc7 Qxc7 24. Bxc7 Bxf1 25. Kxf1 Rc8 26. Qb6 Rfe8 27. Bd3 Re7 28. Bxd6 Rd7 29. Bc4 Rcd8 30. Be7 Rd1+ 31. Ke2 R8d2+ 32. Kf3 Bd4 33. Qd8+ Kg7 34. Qf8# 1-0

[Event "Titled Tuesday intern op1 3rd May"]
[Site "Chess.com INT"]
[Date "2016.05.03"]
[Round "5"]
[White "Aguiar Cunha, Lucas"]
[Black "Brattain, Mika A"]
[Result "1/2-1/2"]
[WhiteElo "2383"]
[BlackElo "2350"]
[PlyCount "174"]
[EventDate "2016.05.03"]
[EventType "swiss (blitz)"]
[EventRounds "9"]
[EventCountry "USA"]
[SourceTitle "EXT 2021"]
[Source "ChessBase"]
[SourceDate "2020.10.23"]
[SourceVersion "1"]
[SourceVersionDate "2020.10.23"]
[SourceQuality "1"]

1. e4 d5 2. exd5 Qxd5 3. Nc3 Qa5 4. d4 Nf6 5. Nf3 c6 6. Bc4 Bf5 7. 0-0 e6 8. Ne2 Nbd7 9. Ng3 Bg6 10. Nh4 Bd6 11. Re1 0-0-0 12. c3 Qc7 13. a4 Nb6 14. Bf1 e5 15. a5 Nbd7 16. Nhf5 exd4 17. Nxd6+ Qxd6 18. cxd4 a6 19. b3 Nd5 20. Ba3 Qc7 21. Rc1 Rhe8 22. Qd2 N7f6 23. Bc5 Rxe1 24. Rxe1 Re8 25. Rxe8+ Nxe8 26. h4 f6 27. h5 Bf7 28. Bd3 h6 29. Bf5+ Kb8 30. Qe1 Nd6 31. Bg6 Nc8 32. Nf5 Nf4 33. Bxf7 Qxf7 34. Nd6 Qe6 35. Qxe6 Nxe6 36. Nf5 Kc7 37. g4 Kd7 38. Kg2 Ke8 39. Kf3 Kf7 40. Ke4 Ng5+ 41. Ke3 Ne6 42. f4 Nc7 43. Ke4 Nd5 44. Ng3 Nc3+ 45. Kd3 Nd5 46. Ne2 Nce7 47. Ke4 Ke6 48. Bxe7 Kxe7 49. Nc1 Nc3+ 50. Ke3 Nd5+ 51. Kf3 Nb4 52. Ke4 Kd6 53. Nd3 Nxd3 54. Kxd3 Kd5 55. Ke3 Kd6 56. Ke4 Ke6 57. b4 Ke7 58. d5 cxd5+ 59. Kxd5 Kd7 60. Kc5 Kc7 61. b5 axb5 62. Kxb5 Kc8 63. Kb6 Kb8 64. Kc5 Kc7 65. Kb5 Kc8 66. Kb6 Kb8 67. Kb5 Kc7 68. Kc5 Kd7 69. Kd5 Ke7 70. Kd4 Kd6 71. Kc4 Kc6 72. Kd4 Kb5 73. Ke4 Kxa5 74. Kf5 b5 75. Kg6 b4 76. Kxg7 b3 77. g5 b2 78. gxf6 b1Q 79. f7 Qb7 80. Kg8 Qd5 81. Kg7 Qd7 82. Kg8 Qe6 83. Kg7 Qd7 84. Kg8 Qg4+ 85. Kh7 Qd7 86. Kg8 Qe6 87. Kg7 Qd7 1/2-1/2

[Event "Titled Tuesday intern op1 3rd May"]
[Site "Chess.com INT"]
[Date "2016.05.03"]
[Round "8"]
[White "Aguiar Cunha, Lucas"]
[Black "Leiva Rodriguez, Jeammarco Giuseppe"]
[Result "1-0"]
[WhiteElo "2384"]
[BlackElo "2384"]
[PlyCount "89"]
[EventDate "2016.05.03"]
[EventType "swiss (blitz)"]
[EventRounds "9"]
[EventCountry "USA"]
[SourceTitle "EXT 2021"]
[Source "ChessBase"]
[SourceDate "2020.10.23"]
[SourceVersion "1"]
[SourceVersionDate "2020.10.23"]
[SourceQuality "1"]

1. e4 g6 2. d4 Bg7 3. Nc3 d6 4. Be3 Nf6 5. Be2 0-0 6. Nf3 Ng4 7. Bg5 h6 8. Bh4 Nc6 9. d5 Nb8 10. Nd2 Nf6 11. 0-0 e5 12. Nc4 Qe8 13. a4 Na6 14. Qd2 Nd7 15. f3 f5 16. exf5 gxf5 17. Nb5 Nf6 18. Na5 Nh5 19. Rfc1 Qg6 20. c4 Nf4 21. Bf1 h5 22. Bf2 Bh6 23. Be3 Nh3+ 24. Kh1 f4 25. Bf2 Nxf2+ 26. Qxf2 Bg5 27. Qd2 e4 28. fxe4 f3 29. Qc2 Bxc1 30. Rxc1 Bg4 31. Nxb7 Rf7 32. h3 fxg2+ 33. Bxg2 Bd7 34. Na5 Raf8 35. Rg1 Rf2 36. Qd3 Kh8 37. Qd4+ Kh7 38. b4 Nxb4 39. e5 Nc2 40. Qxa7 R8f7 41. e6 Bxb5 42. axb5 Rg7 43. Qxf2 Qd3 44. Qf4 Ne3 45. Be4+ 1-0

[Event "Titled Tuesday intern op 3rd May"]
[Site "Chess.com INT"]
[Date "2016.05.03"]
[Round "7"]
[White "Aguiar Cunha, Lucas"]
[Black "Williams, Simon Kim"]
[Result "0-1"]
[WhiteElo "2396"]
[BlackElo "2457"]
[PlyCount "110"]
[EventDate "2016.05.03"]
[EventType "swiss (blitz)"]
[EventRounds "9"]
[EventCountry "USA"]
[SourceTitle "EXT 2021"]
[Source "ChessBase"]
[SourceDate "2020.10.23"]
[SourceVersion "1"]
[SourceVersionDate "2020.10.23"]
[SourceQuality "1"]

1. e4 d6 2. d4 Nf6 3. Nc3 Nbd7 4. Nf3 e5 5. Bc4 Be7 6. Ng5 0-0 7. Bxf7+ Rxf7 8. Ne6 Qe8 9. Nxc7 Qd8 10. Nxa8 b6 11. Nb5 Bb7 12. Nac7 Bxe4 13. Ne6 Qa8 14. f3 Bf5 15. Nbc7 Qc6 16. d5 Qc4 17. Qe2 Qb4+ 18. c3 Qa4 19. 0-0 Nxd5 20. Nxd5 Bxe6 21. Nxe7+ Rxe7 22. b3 Qc6 23. c4 Nc5 24. Ba3 Rd7 25. Rad1 Bf5 26. Rd2 Ne6 27. Rfd1 Nf4 28. Qe3 h5 29. Bxd6 Ng6 30. Bxe5 Rf7 31. Bb2 h4 32. Rd6 Qc7 33. Qd4 h3 34. g4 Bc2 35. Rd2 Nh4 36. Rf2 Nxf3+ 37. Rxf3 Rxf3 38. Qd5+ Qf7 39. Rd8+ Kh7 40. Qxf7 Rxf7 41. Rd2 Be4 42. Rf2 Rd7 43. Be5 Bg2 44. Re2 Kg6 45. Kf2 Kg5 46. Kg3 Rd3+ 47. Kf2 Kxg4 48. Re3 Rd2+ 49. Re2 Rd1 50. Bg3 Rd7 51. Re5 g5 52. Ke3 Rf7 53. Re6 Rf3+ 54. Ke2 Rxg3 55. hxg3 h2 0-1

[Event "Brasilia-ch 51th sf3"]
[Site "Brasilia"]
[Date "2011.07.23"]
[Round "6.1"]
[White "Rezende, Guilherme Vilela"]
[Black "Aguiar Cunha, Lucas"]
[Result "0-1"]
[WhiteElo "2033"]
[BlackElo "2145"]
[PlyCount "68"]
[EventDate "2011.07.15"]
[EventType "swiss"]
[EventRounds "7"]
[EventCountry "BRA"]
[SourceTitle "EXT 2022"]
[Source "ChessBase"]
[SourceDate "2021.10.06"]
[SourceVersion "1"]
[SourceVersionDate "2021.10.06"]
[SourceQuality "1"]

1. d4 d5 2. c4 c6 3. Nf3 Nf6 4. e3 g6 5. Nc3 Bg7 6. Qb3 0-0 7. Bd2 e6 8. Be2 Ne4 9. Rd1 f5 10. Ne5 Qg5 11. g3 Nxd2 12. Rxd2 Bxe5 13. dxe5 Nd7 14. cxd5 exd5 15. f4 Qe7 16. 0-0 Nb6 17. Na4 Be6 18. Qc2 Nxa4 19. Qxa4 Qc5 20. Kf2 a5 21. Rc2 Qb4 22. Qxb4 axb4 23. b3 Ra5 24. Rd1 Rfa8 25. Rdd2 Kf7 26. h3 Ke7 27. g4 c5 28. Kg3 Rc8 29. Bf3 c4 30. bxc4 dxc4 31. Bxb7 Rc7 32. Bf3 c3 33. Rd4 Rxa2 34. Rxa2 Bxa2 0-1

[Event "Brasilia IRT de Natal"]
[Site "Brasilia"]
[Date "2010.12.10"]
[Round "5.3"]
[White "Aguiar Cunha, Lucas"]
[Black "De Oliveira, Maicon Almeida"]
[Result "1/2-1/2"]
[WhiteElo "2088"]
[BlackElo "1965"]
[PlyCount "69"]
[EventDate "2010.12.06"]
[EventType "tourn"]
[EventRounds "8"]
[EventCountry "BRA"]
[SourceTitle "EXT 2022"]
[Source "ChessBase"]
[SourceDate "2021.10.06"]
[SourceVersion "1"]
[SourceVersionDate "2021.10.06"]
[SourceQuality "1"]

1. d4 d5 2. c4 c6 3. Nf3 Nf6 4. Nc3 e6 5. e3 Nbd7 6. Bd3 dxc4 7. Bxc4 b5 8. Bd3 a6 9. 0-0 c5 10. e4 cxd4 11. Nxd4 Nc5 12. Bc2 Be7 13. b4 Ncd7 14. a3 Bb7 15. f4 Rc8 16. Qd3 Qc7 17. Bd2 Qc4 18. e5 Qxd3 19. Bxd3 Nd5 20. Nxd5 Bxd5 21. Rfc1 0-0 22. a4 Bc4 23. Bxc4 bxc4 24. a5 Rfd8 25. Nf3 Nf8 26. Ra3 Rd5 27. Kf2 Nd7 28. Ke2 g5 29. g3 g4 30. Ne1 Rxd2+ 31. Kxd2 Bxb4+ 32. Rcc3 Rc5 33. Nc2 Bxa5 34. Rxa5 Rxa5 35. Rxc4 1/2-1/2

[Event "BRA-ch U16"]
[Site "Catanduva"]
[Date "2010.06.06"]
[Round "7.7"]
[White "Aguiar Cunha, Lucas"]
[Black "Moretti, Marcos Paulo"]
[Result "1-0"]
[WhiteElo "2089"]
[BlackElo "1726"]
[PlyCount "61"]
[EventDate "2010.06.03"]
[EventType "swiss"]
[EventRounds "7"]
[EventCountry "BRA"]
[SourceTitle "EXT 2022"]
[Source "ChessBase"]
[SourceDate "2021.10.06"]
[SourceVersion "1"]
[SourceVersionDate "2021.10.06"]
[SourceQuality "1"]

1. e4 e6 2. d4 d5 3. Nd2 dxe4 4. Nxe4 Bd7 5. Nf3 Bc6 6. Bd3 Nd7 7. Qe2 Ngf6 8. Nxf6+ Qxf6 9. Be3 Bxf3 10. gxf3 Be7 11. h4 h6 12. 0-0-0 0-0-0 13. Be4 c6 14. Rd3 Nb6 15. Rb3 Bd6 16. Bxc6 bxc6 17. Qa6+ Kb8 18. a4 Qe7 19. a5 Qb7 20. Qd3 c5 21. axb6 axb6 22. Qc3 Rc8 23. dxc5 Bxc5 24. Qe5+ Qc7 25. Qxc5 Qxc5 26. Bxc5 Rxc5 27. Rxb6+ Kc7 28. Ra6 Rc4 29. Ra3 Rd8 30. Rd1 Rf4 31. Rc3+ 1-0